000 00560 a2200217 4500
005 20260402141906.0
008 260402b |||||||| |||| 00| 0 eng d
020 _a9781119653424
_c$ 72.95
040 _aMAIN
082 _a747
_bM698R(4)
100 _aMitton, Maureen
245 _aResidential interior design: Guide to planning spaces
250 _a4th
260 _bJohn Wiley
_c2022
_aHoboken
300 _aix, 294
650 _aDrawing
650 _aInterior Decoration
650 _aArchitecture
700 _aNystuen, Courtney
942 _cBK
999 _c396734
_d396734